[Event "Qualifyer Villarobledo - Final"]
[Site "playchess.com #155699"]
[Date "2009.05.23"]
[Round "6"]
[White "Yang Guo"]
[Black "Novoselski"]
[Result "1/2-1/2"]
[WhiteElo "2793"]
[BlackElo "2566"]
[PlyCount "210"]
[EventDate "2009.05.23"]
[EventType "tourn (blitz)"]

1. e4 {[%emt 0:00:02]} e5 {[%emt 0:00:01]} 2. Nf3 {[%emt 0:00:02]} Nc6 {[%emt
0:00:01]} 3. Bb5 {[%emt 0:00:01]} Bc5 {[%emt 0:00:01]} 4. Nxe5 {[%emt 0:00:06]}
Bxf2+ {[%emt 0:00:05]} 5. Kxf2 {[%emt 0:00:06]} Nxe5 {[%emt 0:00:01]} 6. d4 {
[%emt 0:00:18]} Qh4+ {[%emt 0:00:23]} 7. g3 {[%emt 0:00:05]} Qf6+ {[%emt 0:00:
09]} 8. Kg2 {[%emt 0:00:05]} Nc6 {[%emt 0:00:05]} 9. c3 {[%emt 0:00:19]} a6 {
[%emt 0:00:20]} 10. Bc4 {[%emt 0:00:02]} Qe7 {[%emt 0:00:03]} 11. Qf3 {[%emt 0:
00:10]} d6 {[%emt 0:00:08]} 12. Rf1 {[%emt 0:00:30]} Be6 {[%emt 0:00:18]} 13.
Bd3 {[%emt 0:00:02]} Qd7 {[%emt 0:00:09]} 14. Kg1 {[%emt 0:00:07]} Bh3 {[%emt
0:00:06]} 15. Re1 {[%emt 0:00:06]} Nge7 {[%emt 0:00:08]} 16. Nd2 {[%emt 0:00:
05]} O-O {[%emt 0:00:05]} 17. Nf1 {[%emt 0:00:03]} Bg4 {[%emt 0:00:07]} 18. Qf2
{[%emt 0:00:02]} Ng6 {[%emt 0:00:05]} 19. Ne3 {[%emt 0:00:04]} Bh3 {[%emt 0:00:
01]} 20. Nf5 {[%emt 0:00:06]} Rae8 {[%emt 0:00:08]} 21. Bd2 {[%emt 0:00:03]}
Nce7 {[%emt 0:00:03]} 22. Bg5 {[%emt 0:00:28]} f6 {[%emt 0:00:06]} 23. Bd2 {
[%emt 0:00:15]} d5 {[%emt 0:00:02]} 24. Nxe7+ {[%emt 0:00:03]} Rxe7 {[%emt 0:
00:07]} 25. exd5 {[%emt 0:00:01]} Rxe1+ {[%emt 0:00:13]} 26. Rxe1 {[%emt 0:00:
00]} Qxd5 {[%emt 0:00:02]} 27. c4 {[%emt 0:00:11]} Qd7 {[%emt 0:00:03]} 28. Be4
{[%emt 0:00:07]} c6 {[%emt 0:00:01]} 29. d5 {[%emt 0:00:03]} Ne5 {[%emt 0:00:
04]} 30. b3 {[%emt 0:00:10]} Re8 {[%emt 0:00:05]} 31. Bc3 {[%emt 0:00:01]} Qd6
{[%emt 0:00:34] '} 32. c5 {[%emt 0:00:05]} Qd7 {[%emt 0:00:01]} 33. d6 {[%emt
0:00:02]} Be6 {[%emt 0:00:07]} 34. Bxe5 {[%emt 0:00:04]} fxe5 {[%emt 0:00:00]}
35. Rf1 {[%emt 0:00:01]} Bd5 {[%emt 0:00:05]} 36. Bf5 {[%emt 0:00:06]} Be6 {
[%emt 0:00:03]} 37. Be4 {[%emt 0:00:05]} Bd5 {[%emt 0:00:03]} 38. Qf3 {[%emt 0:
00:01]} Be6 {[%emt 0:00:05]} 39. a3 {[%emt 0:00:04]} g6 {[%emt 0:00:01]} 40. b4
{[%emt 0:00:03]} Qg7 {[%emt 0:00:01]} 41. Qf6 {[%emt 0:00:02]} Qxf6 {[%emt 0:
00:01]} 42. Rxf6 {[%emt 0:00:00]} Bd7 {[%emt 0:00:02]} 43. Rf2 {[%emt 0:00:06]}
Kg7 {[%emt 0:00:01]} 44. Re2 {[%emt 0:00:01]} Rf8 {[%emt 0:00:01]} 45. Bg2 {
[%emt 0:00:01]} Re8 {[%emt 0:00:01]} 46. Kf2 {[%emt 0:00:00]} Kf6 {[%emt 0:00:
01]} 47. Ke3 {[%emt 0:00:00]} Bf5 {[%emt 0:00:01]} 48. Rf2 {[%emt 0:00:01]} Ke6
{[%emt 0:00:01]} 49. Bf1 {[%emt 0:00:00]} Rd8 {[%emt 0:00:01]} 50. Bc4+ {[%emt
0:00:01]} Kd7 {[%emt 0:00:01]} 51. h3 {[%emt 0:00:02]} h5 {[%emt 0:00:01]} 52.
g4 {[%emt 0:00:01]} hxg4 {[%emt 0:00:02]} 53. hxg4 {[%emt 0:00:00]} Bxg4 {
[%emt 0:00:00]} 54. Rf7+ {[%emt 0:00:02]} Kc8 {[%emt 0:00:00]} 55. Ke4 {[%emt
0:00:02]} Bf5+ {[%emt 0:00:02]} 56. Kxe5 {[%emt 0:00:02]} Re8+ {[%emt 0:00:01]}
57. Re7 {[%emt 0:00:04]} Rh8 {[%emt 0:00:02]} 58. Rc7+ {[%emt 0:00:03]} Kb8 {
[%emt 0:00:01]} 59. a4 {[%emt 0:00:02]} Re8+ {[%emt 0:00:02]} 60. Kf6 {[%emt 0:
00:05]} Re4 {[%emt 0:00:06]} 61. Bd3 {[%emt 0:00:01]} Rxb4 {[%emt 0:00:02]} 62.
Bxf5 {[%emt 0:00:01]} gxf5 {[%emt 0:00:01]} 63. Rf7 {[%emt 0:00:06]} Kc8 {
[%emt 0:00:04]} 64. Rf8+ {[%emt 0:00:05]} Kd7 {[%emt 0:00:01]} 65. Rf7+ {[%emt
0:00:01]} Kd8 {[%emt 0:00:00]} 66. Rf8+ {[%emt 0:00:01]} Kd7 {[%emt 0:00:00]}
67. a5 {[%emt 0:00:03]} f4 {[%emt 0:00:02]} 68. Rf7+ {[%emt 0:00:01]} Kd8 {
[%emt 0:00:00]} 69. Ke5 {[%emt 0:00:01]} Rb1 {[%emt 0:00:07]} 70. Rf8+ {[%emt
0:00:03]} Kd7 {[%emt 0:00:01]} 71. Rf7+ {[%emt 0:00:00]} Kd8 {[%emt 0:00:00]}
72. Rxf4 {[%emt 0:00:01]} Rd1 {[%emt 0:00:04]} 73. Rf8+ {[%emt 0:00:03]} Kd7 {
[%emt 0:00:01]} 74. Rf7+ {[%emt 0:00:01]} Kd8 {[%emt 0:00:00]} 75. Rxb7 {[%emt
0:00:02]} Re1+ {[%emt 0:00:01]} 76. Kd4 {[%emt 0:00:02]} Rd1+ {[%emt 0:00:01]}
77. Kc4 {[%emt 0:00:01]} Rc1+ {[%emt 0:00:01]} 78. Kd4 {[%emt 0:00:01]} Rd1+ {
[%emt 0:00:01]} 79. Ke4 {[%emt 0:00:03]} Re1+ {[%emt 0:00:01]} 80. Kd3 {[%emt
0:00:02]} Rc1 {[%emt 0:00:01]} 81. Rb8+ {[%emt 0:00:05]} Kd7 {[%emt 0:00:01]}
82. Rb7+ {[%emt 0:00:02]} Kd8 {[%emt 0:00:00]} 83. Ra7 {[%emt 0:00:02]} Rxc5 {
[%emt 0:00:02]} 84. Rxa6 {[%emt 0:00:00]} Kd7 {[%emt 0:00:01]} 85. Kd4 {[%emt
0:00:03]} Rb5 {[%emt 0:00:01]} 86. Kc4 {[%emt 0:00:04]} Kxd6 {[%emt 0:00:03]}
87. Ra8 {[%emt 0:00:01]} Rb1 {[%emt 0:00:02]} 88. a6 {[%emt 0:00:01]} Kc7 {
[%emt 0:00:01]} 89. a7 {[%emt 0:00:02]} Ra1 {[%emt 0:00:01]} 90. Rh8 {[%emt 0:
00:01]} Rxa7 {[%emt 0:00:02]} 91. Rh7+ {[%emt 0:00:01]} Kb6 {[%emt 0:00:00]}
92. Rxa7 {[%emt 0:00:01]} Kxa7 {[%emt 0:00:00]} 93. Kc5 {[%emt 0:00:00]} Kb7 {
[%emt 0:00:00]} 94. Kc4 {[%emt 0:00:00]} Kb6 {[%emt 0:00:00]} 95. Kb4 {[%emt 0:
00:01]} c5+ {[%emt 0:00:00]} 96. Kc4 {[%emt 0:00:00]} Kc6 {[%emt 0:00:00]} 97.
Kc3 {[%emt 0:00:01]} Kb5 {[%emt 0:00:00]} 98. Kb3 {[%emt 0:00:01]} c4+ {[%emt
0:00:00]} 99. Kc3 {[%emt 0:00:00]} Kc5 {[%emt 0:00:00]} 100. Kc2 {[%emt 0:00:
00]} Kb4 {[%emt 0:00:00]} 101. Kb2 {[%emt 0:00:00]} c3+ {[%emt 0:00:00]} 102.
Kc2 {[%emt 0:00:00]} Kc4 {[%emt 0:00:00]} 103. Kc1 {[%emt 0:00:00]} Kb3 {[%emt
0:00:00]} 104. Kb1 {[%emt 0:00:01]} c2+ {[%emt 0:00:00]} 105. Kc1 {[%emt 0:00:
00]} Kc3 {[%emt 0:00:00]} 1/2-1/2

[Event "Qualifyer Villarobledo - Final"]
[Site "playchess.com #155699"]
[Date "2009.05.23"]
[Round "6"]
[White "Us6"]
[Black "Africanchamp"]
[Result "1/2-1/2"]
[WhiteElo "2612"]
[BlackElo "2808"]
[PlyCount "218"]
[EventDate "2009.05.23"]
[EventType "tourn (blitz)"]

1. d4 {[%emt 0:00:00]} Nf6 {[%emt 0:00:02]} 2. Nf3 {[%emt 0:00:02]} b5 {[%emt
0:00:02]} 3. g3 {[%emt 0:00:02]} Bb7 {[%emt 0:00:01]} 4. Bg2 {[%emt 0:00:01]}
e6 {[%emt 0:00:00]} 5. O-O {[%emt 0:00:01]} c5 {[%emt 0:00:01]} 6. dxc5 {[%emt
0:00:06]} Bxc5 {[%emt 0:00:01]} 7. a4 {[%emt 0:00:02]} b4 {[%emt 0:00:02]} 8.
a5 {[%emt 0:00:03]} d5 {[%emt 0:00:05]} 9. b3 {[%emt 0:00:01]} O-O {[%emt 0:00:
01]} 10. Bb2 {[%emt 0:00:01]} a6 {[%emt 0:00:05]} 11. Ne5 {[%emt 0:00:06]} Bd6
{[%emt 0:00:04]} 12. Nd2 {[%emt 0:00:27]} Bc7 {[%emt 0:00:04]} 13. Ndf3 {[%emt
0:00:05]} Bxa5 {[%emt 0:00:03]} 14. Nd3 {[%emt 0:00:11]} Nc6 {[%emt 0:00:05]}
15. Nc5 {[%emt 0:00:02]} Bc8 {[%emt 0:00:05]} 16. Nd4 {[%emt 0:00:11]} Nxd4 {
[%emt 0:00:09]} 17. Qxd4 {[%emt 0:00:02]} Bc7 {[%emt 0:00:05]} 18. Qxb4 {[%emt
0:00:06]} Bd6 {[%emt 0:00:01]} 19. Qa5 {[%emt 0:00:04]} Qe7 {[%emt 0:00:11]}
20. b4 {[%emt 0:00:15]} Nd7 {[%emt 0:00:12]} 21. Nd3 {[%emt 0:00:14]} Bb7 {
[%emt 0:00:06]} 22. c4 {[%emt 0:00:02]} dxc4 {[%emt 0:00:23]} 23. Bxb7 {[%emt
0:00:08]} Rab8 {[%emt 0:00:02]} 24. Bxa6 {[%emt 0:00:06]} cxd3 {[%emt 0:00:03]}
25. Bxd3 {[%emt 0:00:03]} Bxb4 {[%emt 0:00:04]} 26. Qh5 {[%emt 0:00:05]} g6 {
[%emt 0:00:15]} 27. Qh6 {[%emt 0:00:06]} e5 {[%emt 0:00:01]} 28. Rab1 {[%emt 0:
00:11]} Bc5 {[%emt 0:00:02]} 29. Bc3 {[%emt 0:00:04]} Qf6 {[%emt 0:00:08]} 30.
e3 {[%emt 0:00:13]} Rfc8 {[%emt 0:00:14]} 31. Rxb8 {[%emt 0:00:06]} Rxb8 {
[%emt 0:00:02]} 32. Qh3 {[%emt 0:00:05]} Nf8 {[%emt 0:00:09]} 33. Bc4 {[%emt 0:
00:15]} Bb4 {[%emt 0:00:09]} 34. Rb1 {[%emt 0:00:06]} Qd6 {[%emt 0:00:09]} 35.
Bxb4 {[%emt 0:00:09]} Rxb4 {[%emt 0:00:02]} 36. Rxb4 {[%emt 0:00:01]} Qxb4 {
[%emt 0:00:01]} 37. Qc8 {[%emt 0:00:00]} Qe7 {[%emt 0:00:07]} 38. Kg2 {[%emt 0:
00:03]} Kg7 {[%emt 0:00:01]} 39. Bd5 {[%emt 0:00:02]} g5 {[%emt 0:00:06]} 40.
Qf5 {[%emt 0:00:03]} h6 {[%emt 0:00:01]} 41. Be4 {[%emt 0:00:02]} Qf6 {[%emt 0:
00:05]} 42. Qxf6+ {[%emt 0:00:08]} Kxf6 {[%emt 0:00:00]} 43. h4 {[%emt 0:00:01]
} gxh4 {[%emt 0:00:04]} 44. gxh4 {[%emt 0:00:00]} Ke6 {[%emt 0:00:02]} 45. f4 {
[%emt 0:00:02]} f5 {[%emt 0:00:08]} 46. Bd3 {[%emt 0:00:01]} Ng6 {[%emt 0:00:
08]} 47. Kg3 {[%emt 0:00:04]} Kf6 {[%emt 0:00:01]} 48. Bc4 {[%emt 0:00:03]} Ne7
{[%emt 0:00:03]} 49. Bb3 {[%emt 0:00:02]} Nc6 {[%emt 0:00:02]} 50. Bc4 {[%emt
0:00:02]} Nb4 {[%emt 0:00:03]} 51. Kf3 {[%emt 0:00:01]} e4+ {[%emt 0:00:03]}
52. Kf2 {[%emt 0:00:02]} Nc6 {[%emt 0:00:05]} 53. Bd5 {[%emt 0:00:01]} Ne7 {
[%emt 0:00:02]} 54. Bc4 {[%emt 0:00:01]} Ng6 {[%emt 0:00:02]} 55. Kg3 {[%emt 0:
00:01]} Ke7 {[%emt 0:00:04] Us6 offers a draw} 56. Bb5 {[%emt 0:00:03]} Kd6 {
[%emt 0:00:01]} 57. Ba6 {[%emt 0:00:03]} Kc5 {[%emt 0:00:02]} 58. Bc8 {[%emt 0:
00:02]} Ne7 {[%emt 0:00:02]} 59. Be6 {[%emt 0:00:01]} Kb4 {[%emt 0:00:01]} 60.
Kf2 {[%emt 0:00:01]} Kc3 {[%emt 0:00:03]} 61. Bd7 {[%emt 0:00:01]} Kc4 {[%emt
0:00:03]} 62. Be6+ {[%emt 0:00:00]} Kc5 {[%emt 0:00:01]} 63. Bd7 {[%emt 0:00:
01]} Kd6 {[%emt 0:00:01]} 64. Ba4 {[%emt 0:00:01]} Nd5 {[%emt 0:00:06]} 65. Bb3
{[%emt 0:00:03]} Nb4 {[%emt 0:00:02]} 66. Bf7 {[%emt 0:00:02]} Nd3+ {[%emt 0:
00:04]} 67. Kg3 {[%emt 0:00:01]} Ke7 {[%emt 0:00:02]} 68. Bc4 {[%emt 0:00:02]}
Nc5 {[%emt 0:00:03]} 69. Kf2 {[%emt 0:00:01]} Kf6 {[%emt 0:00:01]} 70. Bd5 {
[%emt 0:00:02]} Nd3+ {[%emt 0:00:04]} 71. Kg3 {[%emt 0:00:02]} Ne1 {[%emt 0:00:
01]} 72. Bc4 {[%emt 0:00:03]} Nc2 {[%emt 0:00:01]} 73. Kf2 {[%emt 0:00:01]} Kg6
{[%emt 0:00:01]} 74. Bd5 {[%emt 0:00:02]} Nb4 {[%emt 0:00:12]} 75. Bb3 {[%emt
0:00:05]} Nd3+ {[%emt 0:00:01]} 76. Kg3 {[%emt 0:00:01]} Nc1 {[%emt 0:00:01]}
77. Bc2 {[%emt 0:00:02]} Ne2+ {[%emt 0:00:03]} 78. Kf2 {[%emt 0:00:01]} Nc3 {
[%emt 0:00:01]} 79. Bb3 {[%emt 0:00:04]} Kh5 {[%emt 0:00:02]} 80. Kg3 {[%emt 0:
00:01]} Ne2+ {[%emt 0:00:03]} 81. Kf2 {[%emt 0:00:01]} Nc3 {[%emt 0:00:01]} 82.
Kg3 {[%emt 0:00:01]} Kg6 {[%emt 0:00:02]} 83. Bc2 {[%emt 0:00:03]} Nd5 {[%emt
0:00:06]} 84. Kf2 {[%emt 0:00:01]} Kh5 {[%emt 0:00:09]} 85. Bb3 {[%emt 0:00:01]
} Nf6 {[%emt 0:00:08]} 86. Kg3 {[%emt 0:00:02]} Kg6 {[%emt 0:00:01]} 87. Bd1 {
[%emt 0:00:02]} h5 {[%emt 0:00:01]} 88. Kf2 {[%emt 0:00:09]} Nd5 {[%emt 0:00:
01]} 89. Bb3 {[%emt 0:00:02]} Nb4 {[%emt 0:00:02]} 90. Ba4 {[%emt 0:00:02]}
Nd3+ {[%emt 0:00:01]} 91. Ke2 {[%emt 0:00:01]} Nc5 {[%emt 0:00:01]} 92. Bc6 {
[%emt 0:00:01]} Ne6 {[%emt 0:00:02]} 93. Bd5 {[%emt 0:00:01]} Nc7 {[%emt 0:00:
02]} 94. Bc4 {[%emt 0:00:01]} Kf6 {[%emt 0:00:01]} 95. Kd2 {[%emt 0:00:01]} Ne8
{[%emt 0:00:01]} 96. Ke2 {[%emt 0:00:01]} Nd6 {[%emt 0:00:01]} 97. Bd5 {[%emt
0:00:01]} Nc8 {[%emt 0:00:01]} 98. Kf2 {[%emt 0:00:01]} Ne7 {[%emt 0:00:01]}
99. Bb7 {[%emt 0:00:01]} Ng6 {[%emt 0:00:01]} 100. Kg3 {[%emt 0:00:01]} Nf8 {
[%emt 0:00:01]} 101. Bc6 {[%emt 0:00:01]} Kf7 {[%emt 0:00:01]} 102. Bd5+ {
[%emt 0:00:01]} Kg7 {[%emt 0:00:01]} 103. Kf2 {[%emt 0:00:02]} Nh7 {[%emt 0:00:
01]} 104. Be6 {[%emt 0:00:01]} Kf6 {[%emt 0:00:01]} 105. Bd7 {[%emt 0:00:01]}
Kg6 {[%emt 0:00:01]} 106. Be8+ {[%emt 0:00:01]} Kh6 {[%emt 0:00:01]} 107. Bd7 {
[%emt 0:00:01]} Kg6 {[%emt 0:00:03]} 108. Be8+ {[%emt 0:00:01]} Kh6 {[%emt 0:
00:06]} 109. Bd7 {[%emt 0:00:10]} Kg6 {[%emt 0:00:04]} 1/2-1/2

[Event "Qualifyer Villarobledo - Final"]
[Site "playchess.com #155699"]
[Date "2009.05.23"]
[Round "7"]
[White "Africanchamp"]
[Black "-st!er-"]
[Result "0-1"]
[WhiteElo "2799"]
[BlackElo "2763"]
[PlyCount "58"]
[EventDate "2009.05.23"]
[EventType "tourn (blitz)"]

1. e4 {[%emt 0:00:03]} c5 {[%emt 0:00:01]} 2. Nf3 {[%emt 0:00:01]} Nc6 {[%emt
0:00:04]} 3. d4 {[%emt 0:00:01]} cxd4 {[%emt 0:00:01]} 4. Nxd4 {[%emt 0:00:01]}
Nf6 {[%emt 0:00:00]} 5. Nc3 {[%emt 0:00:02]} d6 {[%emt 0:00:00]} 6. f3 {[%emt
0:00:07]} e5 {[%emt 0:00:01]} 7. Nb3 {[%emt 0:00:01]} Be7 {[%emt 0:00:01]} 8.
Be3 {[%emt 0:00:01]} O-O {[%emt 0:00:01]} 9. Qd2 {[%emt 0:00:01]} a5 {[%emt 0:
00:01]} 10. a3 {[%emt 0:00:09]} a4 {[%emt 0:00:03]} 11. Nc1 {[%emt 0:00:01]}
Be6 {[%emt 0:00:06]} 12. Nd5 {[%emt 0:00:02]} Bxd5 {[%emt 0:00:03]} 13. exd5 {
[%emt 0:00:01]} Nd4 {[%emt 0:00:00]} 14. c4 {[%emt 0:00:14]} Nd7 {[%emt 0:00:
07]} 15. Kf2 {[%emt 0:00:11]} Nc5 {[%emt 0:00:04]} 16. Rb1 {[%emt 0:00:07]}
Ncb3 {[%emt 0:00:26]} 17. Nxb3 {[%emt 0:00:02]} Nxb3 {[%emt 0:00:01]} 18. Qc3 {
[%emt 0:00:12]} f5 {[%emt 0:00:00]} 19. f4 {[%emt 0:00:19]} Bf6 {[%emt 0:00:15]
} 20. Qc2 {[%emt 0:00:16]} exf4 {[%emt 0:00:03]} 21. Bxf4 {[%emt 0:00:02]} Bd4+
{[%emt 0:00:01]} 22. Be3 {[%emt 0:00:13]} Bxe3+ {[%emt 0:00:18]} 23. Kxe3 {
[%emt 0:00:03]} Qb6+ {[%emt 0:00:01]} 24. c5 {[%emt 0:00:08]} Nxc5 {[%emt 0:00:
04]} 25. Kf3 {[%emt 0:00:10]} Nb3 {[%emt 0:00:02]} 26. Qc3 {[%emt 0:00:13]}
Rac8 {[%emt 0:00:06]} 27. Qb4 {[%emt 0:00:08]} Qxb4 {[%emt 0:00:07]} 28. axb4 {
[%emt 0:00:02]} Nd2+ {[%emt 0:00:01]} 29. Ke3 {[%emt 0:00:02]} Nxb1 {[%emt 0:
00:02] Africanchamp resigns} 0-1

[Event "Qualifyer Villarobledo - Final"]
[Site "playchess.com #155699"]
[Date "2009.05.23"]
[Round "7"]
[White "Artur95"]
[Black "Us6"]
[Result "0-1"]
[WhiteElo "2426"]
[BlackElo "2621"]
[PlyCount "96"]
[EventDate "2009.05.23"]
[EventType "tourn (blitz)"]

1. e4 {[%emt 0:00:00]} Nf6 {[%emt 0:00:01]} 2. e5 {[%emt 0:00:01]} Nd5 {[%emt
0:00:01]} 3. c4 {[%emt 0:00:00]} Nb6 {[%emt 0:00:01]} 4. c5 {[%emt 0:00:00]}
Nd5 {[%emt 0:00:01]} 5. Nc3 {[%emt 0:00:00]} e6 {[%emt 0:00:02]} 6. Nxd5 {
[%emt 0:00:01]} exd5 {[%emt 0:00:01]} 7. d4 {[%emt 0:00:00]} d6 {[%emt 0:00:01]
} 8. cxd6 {[%emt 0:00:01]} cxd6 {[%emt 0:00:01]} 9. Nf3 {[%emt 0:00:00]} Nc6 {
[%emt 0:00:01]} 10. Bd3 {[%emt 0:00:01]} Be7 {[%emt 0:00:02]} 11. O-O {[%emt 0:
00:02]} O-O {[%emt 0:00:01]} 12. Re1 {[%emt 0:00:01]} dxe5 {[%emt 0:00:02]} 13.
Nxe5 {[%emt 0:00:01]} Nxe5 {[%emt 0:00:03]} 14. dxe5 {[%emt 0:00:00]} b6 {
[%emt 0:00:08]} 15. Be3 {[%emt 0:00:02]} Bb7 {[%emt 0:00:01]} 16. Bd4 {[%emt 0:
00:02]} Bc5 {[%emt 0:00:04]} 17. Bc2 {[%emt 0:00:04]} Rc8 {[%emt 0:00:01]} 18.
Bb3 {[%emt 0:00:01]} Re8 {[%emt 0:00:08]} 19. Rc1 {[%emt 0:00:02]} Qe7 {[%emt
0:00:02]} 20. Qd3 {[%emt 0:00:12]} Bxd4 {[%emt 0:00:08]} 21. Rxc8 {[%emt 0:00:
10]} Bxf2+ {[%emt 0:00:02]} 22. Kxf2 {[%emt 0:00:00]} Rxc8 {[%emt 0:00:03]} 23.
Qd4 {[%emt 0:00:13]} Qc5 {[%emt 0:00:19]} 24. Rd1 {[%emt 0:00:01]} Qxd4+ {
[%emt 0:00:01]} 25. Rxd4 {[%emt 0:00:01]} Rc5 {[%emt 0:00:10]} 26. Ke3 {[%emt
0:00:06]} Kf8 {[%emt 0:00:01]} 27. Rd2 {[%emt 0:00:03]} Ke7 {[%emt 0:00:02]}
28. Kd4 {[%emt 0:00:01]} Rc7 {[%emt 0:00:09]} 29. Rc2 {[%emt 0:00:16]} Rxc2 {
[%emt 0:00:18]} 30. Bxc2 {[%emt 0:00:00]} h5 {[%emt 0:00:14]} 31. g3 {[%emt 0:
00:05]} Ke6 {[%emt 0:00:04]} 32. h4 {[%emt 0:00:03]} Ba6 {[%emt 0:00:03]} 33.
Ba4 {[%emt 0:00:16]} Bc4 {[%emt 0:00:06]} 34. b3 {[%emt 0:00:02]} Be2 {[%emt 0:
00:04]} 35. Bc6 {[%emt 0:00:01]} Bf3 {[%emt 0:00:02]} 36. Bb7 {[%emt 0:00:02]}
Kf5 {[%emt 0:00:41]} 37. Bxd5 {[%emt 0:00:55]} Bxd5 {[%emt 0:00:02]} 38. Kxd5 {
[%emt 0:00:00]} Kg4 {[%emt 0:00:09]} 39. Kd6 {[%emt 0:00:02]} Kxg3 {[%emt 0:00:
01]} 40. Ke7 {[%emt 0:00:01]} Kf4 {[%emt 0:00:02]} 41. Kxf7 {[%emt 0:00:03]}
Kxe5 {[%emt 0:00:01]} 42. Kg6 {[%emt 0:00:05]} Kf4 {[%emt 0:00:27]} 43. Kxh5 {
[%emt 0:00:04]} Kf5 {[%emt 0:00:01]} 44. b4 {[%emt 0:00:04]} b5 {[%emt 0:00:04]
} 45. a3 {[%emt 0:00:18]} a6 {[%emt 0:00:02]} 46. a4 {[%emt 0:00:00]} bxa4 {
[%emt 0:00:01]} 47. b5 {[%emt 0:00:00]} g6+ {[%emt 0:00:02]} 48. Kh6 {[%emt 0:
00:02]} axb5 {[%emt 0:00:01] Artur95 ñäàåòñÿ} 0-1

[Event "Qualifyer Villarobledo - Final"]
[Site "playchess.com #155699"]
[Date "2009.05.23"]
[Round "7"]
[White "Hauberk"]
[Black "Necromant"]
[Result "0-1"]
[WhiteElo "2405"]
[BlackElo "2621"]
[PlyCount "80"]
[EventDate "2009.05.23"]
[EventType "tourn (blitz)"]

1. e4 {[%emt 0:00:00]} c5 {[%emt 0:00:01]} 2. Nc3 {[%emt 0:00:01]} d6 {[%emt 0:
00:01]} 3. f4 {[%emt 0:00:01]} Nc6 {[%emt 0:00:02]} 4. Nf3 {[%emt 0:00:01]} g6
{[%emt 0:00:01]} 5. Bc4 {[%emt 0:00:01]} Bg7 {[%emt 0:00:01]} 6. O-O {[%emt 0:
00:01]} e6 {[%emt 0:00:01]} 7. f5 {[%emt 0:00:01]} exf5 {[%emt 0:00:14]} 8. d3
{[%emt 0:00:05]} Nge7 {[%emt 0:00:05]} 9. Qe1 {[%emt 0:00:04]} h6 {[%emt 0:00:
20]} 10. Bf4 {[%emt 0:00:35]} g5 {[%emt 0:00:12]} 11. Bxg5 {[%emt 0:00:17]}
hxg5 {[%emt 0:00:02]} 12. Nxg5 {[%emt 0:00:01]} Bd4+ {[%emt 0:00:09]} 13. Kh1 {
[%emt 0:00:01]} Ne5 {[%emt 0:00:01]} 14. exf5 {[%emt 0:00:15]} Nxf5 {[%emt 0:
00:37]} 15. Nxf7 {[%emt 0:00:21]} Qh4 {[%emt 0:00:02]} 16. Nxh8 {[%emt 0:00:03]
} Qxh8 {[%emt 0:00:06]} 17. Nb5 {[%emt 0:00:33]} Ke7 {[%emt 0:00:26]} 18. c3 {
[%emt 0:00:06]} Be3 {[%emt 0:00:16]} 19. Rxf5 {[%emt 0:00:03]} Bxf5 {[%emt 0:
00:01]} 20. Qxe3 {[%emt 0:00:01]} Kd7 {[%emt 0:00:18]} 21. Rf1 {[%emt 0:00:09]}
Rf8 {[%emt 0:00:14]} 22. Qg3 {[%emt 0:00:08]} Qh6 {[%emt 0:00:21]} 23. b4 {
[%emt 0:00:37] .} a6 {[%emt 0:00:02]} 24. Na3 {[%emt 0:00:09]} b5 {[%emt 0:00:
01]} 25. Nxb5 {[%emt 0:00:03]} Nxc4 {[%emt 0:00:01]} 26. dxc4 {[%emt 0:00:06]}
axb5 {[%emt 0:00:01]} 27. bxc5 {[%emt 0:00:03]} bxc4 {[%emt 0:00:06]} 28. Rd1 {
[%emt 0:00:03]} Bd3 {[%emt 0:00:02]} 29. cxd6 {[%emt 0:00:01]} Qxd6 {[%emt 0:
00:02]} 30. Qg7+ {[%emt 0:00:01]} Qe7 {[%emt 0:00:02]} 31. Qd4+ {[%emt 0:00:03]
} Qd6 {[%emt 0:00:01]} 32. Qg7+ {[%emt 0:00:01]} Qe7 {[%emt 0:00:01]} 33. Qd4+
{[%emt 0:00:01]} Kc6 {[%emt 0:00:03]} 34. a4 {[%emt 0:00:03]} Qc5 {[%emt 0:00:
05]} 35. Qg7 {[%emt 0:00:03]} Qf5 {[%emt 0:00:03]} 36. h3 {[%emt 0:00:04]} Qf6
{[%emt 0:00:01]} 37. Qg3 {[%emt 0:00:02]} Qf2 {[%emt 0:00:03]} 38. Qg4 {[%emt
0:00:04]} Rf6 {[%emt 0:00:03]} 39. Ra1 {[%emt 0:00:02]} Qe2 {[%emt 0:00:02]}
40. Qg5 {[%emt 0:00:02]} Rg6 {[%emt 0:00:03] Time} 0-1

[Event "Qualifyer Villarobledo - Final"]
[Site "playchess.com #155699"]
[Date "2009.05.23"]
[Round "7"]
[White "Unicorn"]
[Black "Yang Guo"]
[Result "0-1"]
[WhiteElo "2561"]
[BlackElo "2784"]
[PlyCount "108"]
[EventDate "2009.05.23"]
[EventType "tourn (blitz)"]

1. d4 {[%emt 0:00:02]} Nf6 {[%emt 0:00:05]} 2. c4 {[%emt 0:00:01]} Nc6 {[%emt
0:00:01]} 3. Nf3 {[%emt 0:00:04]} e6 {[%emt 0:00:01]} 4. a3 {[%emt 0:00:01]} d6
{[%emt 0:00:02]} 5. Nc3 {[%emt 0:00:01]} g6 {[%emt 0:00:00]} 6. e4 {[%emt 0:00:
02]} Bg7 {[%emt 0:00:00]} 7. Be2 {[%emt 0:00:01]} O-O {[%emt 0:00:01]} 8. O-O {
[%emt 0:00:01]} Re8 {[%emt 0:00:01]} 9. h3 {[%emt 0:00:01]} e5 {[%emt 0:00:01]}
10. dxe5 {[%emt 0:00:09]} dxe5 {[%emt 0:00:14]} 11. Qxd8 {[%emt 0:00:02]} Nxd8
{[%emt 0:00:03]} 12. Be3 {[%emt 0:00:04]} Ne6 {[%emt 0:00:05]} 13. Rfd1 {[%emt
0:00:08]} Nd7 {[%emt 0:00:19]} 14. b4 {[%emt 0:00:56]} a5 {[%emt 0:00:03]} 15.
Rab1 {[%emt 0:00:08]} axb4 {[%emt 0:00:18]} 16. axb4 {[%emt 0:00:00]} c6 {
[%emt 0:00:01]} 17. Ra1 {[%emt 0:00:10]} Rxa1 {[%emt 0:00:05]} 18. Rxa1 {[%emt
0:00:00]} Nd4 {[%emt 0:00:01]} 19. Bf1 {[%emt 0:00:23]} Nc2 {[%emt 0:00:08]}
20. Rb1 {[%emt 0:00:09]} Nxe3 {[%emt 0:00:04]} 21. fxe3 {[%emt 0:00:00]} Nf8 {
[%emt 0:00:07]} 22. b5 {[%emt 0:00:04]} Ne6 {[%emt 0:00:06]} 23. Na4 {[%emt 0:
00:22]} Bf8 {[%emt 0:00:19]} 24. Kf2 {[%emt 0:00:05] Unicorn offers a draw} Nc5
{[%emt 0:00:06]} 25. Nxc5 {[%emt 0:00:05]} Bxc5 {[%emt 0:00:00]} 26. Nd2 {
[%emt 0:00:06]} Rd8 {[%emt 0:00:10]} 27. Nb3 {[%emt 0:00:03]} Be7 {[%emt 0:00:
01]} 28. b6 {[%emt 0:00:11]} Kg7 {[%emt 0:00:10]} 29. Be2 {[%emt 0:00:02]} Bh4+
{[%emt 0:00:02]} 30. g3 {[%emt 0:00:03]} Be7 {[%emt 0:00:01]} 31. h4 {[%emt 0:
00:04]} c5 {[%emt 0:00:11]} 32. Na5 {[%emt 0:00:15]} Rd6 {[%emt 0:00:04]} 33.
Ke1 {[%emt 0:00:07]} Bd8 {[%emt 0:00:02]} 34. Rd1 {[%emt 0:00:03]} Rxd1+ {
[%emt 0:00:05]} 35. Kxd1 {[%emt 0:00:00]} Bxb6 {[%emt 0:00:00]} 36. Nb3 {[%emt
0:00:00]} Bd7 {[%emt 0:00:04]} 37. Kd2 {[%emt 0:00:01]} Ba4 {[%emt 0:00:02]}
38. Nc1 {[%emt 0:00:03]} Ba5+ {[%emt 0:00:02]} 39. Kd3 {[%emt 0:00:04]} Kf6 {
[%emt 0:00:20]} 40. Bg4 {[%emt 0:00:03]} Ke7 {[%emt 0:00:04]} 41. Ne2 {[%emt 0:
00:01]} b5 {[%emt 0:00:06]} 42. Nc3 {[%emt 0:00:04]} Bxc3 {[%emt 0:00:02]} 43.
Kxc3 {[%emt 0:00:00]} b4+ {[%emt 0:00:01]} 44. Kb2 {[%emt 0:00:02]} Bc6 {[%emt
0:00:02]} 45. Bf3 {[%emt 0:00:04]} f5 {[%emt 0:00:02]} 46. Kb3 {[%emt 0:00:04]}
Bxe4 {[%emt 0:00:02]} 47. Bxe4 {[%emt 0:00:01]} fxe4 {[%emt 0:00:02]} 48. g4 {
[%emt 0:00:04]} Kd6 {[%emt 0:00:01]} 49. g5 {[%emt 0:00:02]} Kc6 {[%emt 0:00:
01]} 50. Kb2 {[%emt 0:00:03]} Kb6 {[%emt 0:00:01]} 51. Ka2 {[%emt 0:00:01]} Kc6
{[%emt 0:00:03]} 52. Kb2 {[%emt 0:00:03]} Kd6 {[%emt 0:00:00]} 53. Kb3 {[%emt
0:00:02]} Ke6 {[%emt 0:00:01]} 54. Ka4 {[%emt 0:00:01]} Kf5 {[%emt 0:00:00]
Unicorn resigns} 0-1